| Tag |
First Indicator |
Second Indicator |
Subfields |
| LEADER |
00000cam a2200000 a 4500 |
| 001 |
in00003232012 |
| 005 |
20151205084819.0 |
| 008 |
110922s2013 maua b 001 0 eng |
| 010 |
|
|
|a 2011039498
|
| 020 |
|
|
|a 9780132624664 (alk. paper)
|
| 020 |
|
|
|a 0132624664 (alk. paper)
|
| 035 |
|
|
|a (OCoLC)ocn756577336
|
| 040 |
|
|
|a DLC
|c DLC
|d UtOrBLW
|
| 049 |
|
|
|a TXAM
|
| 050 |
0 |
0 |
|a HF5381.6
|b .A53 2013
|
| 082 |
0 |
0 |
|a 650.1
|2 23
|
| 100 |
1 |
|
|a Anderson, Lydia E.
|q (Lydia Elane),
|d 1963-
|
| 245 |
1 |
0 |
|a Professionalism :
|b skills for workplace success /
|c Lydia E. Anderson, Sandra B. Bolt.
|
| 250 |
|
|
|a 3rd ed.
|
| 264 |
|
1 |
|a Boston :
|b Pearson,
|c [2013]
|
| 264 |
|
4 |
|c ©2013
|
| 300 |
|
|
|a xxiii, 322 pages :
|b color illustrations ;
|c 28 cm.
|
| 336 |
|
|
|a text
|b txt
|2 rdacontent
|
| 337 |
|
|
|a unmediated
|b n
|2 rdamedia
|
| 338 |
|
|
|a volume
|b nc
|2 rdacarrier
|
| 504 |
|
|
|a Includes bibliographical references (pages 309-315) and index.
|
| 505 |
0 |
|
|a Attitude, Goal setting, and life management -- Personal financial management -- Time and stress management/organization skills -- Etiquette/Dress -- Ethics, politics, and diversity -- Accountability and workplace relationships -- Quality organizations and service -- Human resources and policies -- Communication -- Electronic communications -- Motivation, leadership, and teams -- Conflict and negotiation -- Job search skills -- Resume package -- Interview techniques -- Career changes.
|
| 650 |
|
0 |
|a Vocational qualifications.
|
| 650 |
|
0 |
|a Employability.
|
| 650 |
|
0 |
|a Performance.
|
| 650 |
|
0 |
|a Life skills.
|
| 700 |
1 |
|
|a Bolt, Sandra B.
|
| 948 |
|
|
|a cataloged
|b h
|c 2013/6/5
|d c
|e dmitchel
|f 12:50:40 pm
|
| 994 |
|
|
|a C0
|b TXA
|
| 999 |
|
|
|a MARS
|
| 999 |
f |
f |
|s 79767d03-6f7b-3505-8bcb-c8f4d44bf460
|i 4818e24f-ce33-354d-9dc8-7a1a9ea9fc1f
|t 0
|
| 952 |
f |
f |
|p normal
|a Texas A&M University
|b College Station
|c Sterling C. Evans Library
|s Evans stk
|d Evans: Library Stacks
|t 0
|e HF5381.6 .A53 2013
|h Library of Congress classification
|i unmediated -- volume
|m A14838081825
|
| 998 |
f |
f |
|a HF5381.6 .A53 2013
|t 0
|l Evans: Library Stacks
|